Animadversiones ad Ceccoperium parergon, nonnullis ad materiam rotae romanae decisionibus, necnon clarissimorum juris consultorum..

Detalles Bibliográficos
Autor principal: SCARFANTONI, Juan Jacobo
Formato: Libro
Publicado: Viterbo 1751
Materias:
Colección:Banco de datos
Acervo:Biblioteca Nacional de Antropología e Historia. Fondo Conventual
Descripción Física:3a.parte
Tema general:Derecho Eclesiástico
Notas:Buena. XIX, 1, 15.
LEADER 00739nam a22002050004500
035 |a 8281 
036 |a 2886 
100 1 |a SCARFANTONI, Juan Jacobo 
245 1 0 |a Animadversiones ad Ceccoperium parergon, nonnullis ad materiam rotae romanae decisionibus, necnon clarissimorum juris consultorum.. 
260 |a Viterbo  |c 1751 
300 |a 3a.parte 
500 |a Buena. XIX, 1, 15. 
650 1 0 |a Derecho Eclesiástico 
949 |a B.N.A.H. 
959 |a Biblioteca Nacional de Antropología e Historia. Ciudad de México  |b CCC1 
960 |a Seminario de Morelia  |b DD56 
961 |a Casa de formación del Clero Secular  |b CS 
942 |c B.N.A.H. 
943 |g Biblioteca Nacional de Antropología e Historia. Fondo Conventual 
999 |c 1032813  |d 1032813